|
|
|
|
| LEADER |
00000cam a2200000 7i4500 |
| 001 |
0000057405 |
| 005 |
20151223.0 |
| 008 |
151223 |
| 020 |
|
|
|a 9673223305
|
| 020 |
|
|
|a 9789673223305
|
| 090 |
0 |
0 |
|a 636.5
|b MAZ
|
| 100 |
1 |
|
|a Redaksi Agromedia; adaptasi Mazlina Ismail
|
| 245 |
1 |
0 |
|a Perusahaan ternakan ayam pedaging :
|b Panduan lengkap merancang penternakan, pembinaan reban, penyediaan makanan dan pemantauan kesihatan
|c Redaksi Agromedia; adaptasi Mazlina Ismail
|
| 260 |
|
|
|a Kuala Lumpur :
|b Synergy Media ,
|c [s.n]
|
| 300 |
|
|
|a 119 pg :
|b (i)bw & col
|
| 440 |
|
|
|a Siri Usaha agro niaga penternakan
|
| 999 |
|
|
|a 0001154973
|b Book
|c Adult Collection
|e Cawangan Muar
|
| 999 |
|
|
|a 0001154974
|b Book
|c Adult Collection
|e Cawangan Bandar Tenggara
|
| 999 |
|
|
|a 0001154975
|b Book
|c Adult Collection
|e Cawangan Tangkak
|
| 999 |
|
|
|a 0001154978
|b Book
|c Adult Collection
|e Cawangan Bukit Gambir
|
| 999 |
|
|
|a 0001154979
|b Book
|c Adult Collection
|e Cawangan Segamat
|
| 999 |
|
|
|a 0001154980
|b Book
|c Adult Collection
|e Cawangan Pontian
|
| 999 |
|
|
|a 0001154981
|b Book
|c Adult Collection
|e Cawangan Bandar Penawar
|
| 999 |
|
|
|a 0001154982
|b Book
|c Adult Collection
|e Cawangan Mersing
|
| 999 |
|
|
|a 0001154983
|b Book
|c Adult Collection
|e Cawangan Tmn. Ungku Tun Aminah
|
| 999 |
|
|
|a 0001154985
|b Book
|c REFERENCE
|e Cawangan Taman Universiti
|